| 000 | 00673nam a2200217 a 4500 | ||
|---|---|---|---|
| 001 | 20209 | ||
| 003 | CO-ViMGA | ||
| 008 | 141112s2004 ck r 000 u spa d | ||
| 020 | _a9586482359 | ||
| 040 |
_aCO-ViMGA _bspa _cCO-ViMGA |
||
| 082 | 0 | 4 | _a697 R6374o |
| 100 | 1 |
_aRodriguez Guerrero, Gonzalo _929222 |
|
| 245 | 1 | 0 | _aOperación de calderas industriales, tratado práctico operacional |
| 260 |
_aBogotá : _bEcoe, _c2000 |
||
| 300 | _a235 p. | ||
| 490 | _aColección textos universitario, Ingenieria | ||
| 590 | _aForma de adquisición : Premio Mincultura | ||
| 650 | 1 | 4 |
_aCALDERAS DE VAPOR _916365 |
| 650 | 1 | 4 |
_aINDUSTRIA - ENERGIA TERMICA _929223 |
| 942 |
_2ddc _cBK |
||
| 999 |
_c29256 _d29256 |
||